| 000 | 01044cam a2200301 i 4500 | ||
|---|---|---|---|
| 999 |
_c200441031 _d59243 |
||
| 003 | TR-AnTOB | ||
| 005 | 20220630141603.0 | ||
| 007 | ta | ||
| 008 | 210524s1970 sz 000 0 eng d | ||
| 010 | _a 72178826 | ||
| 015 | _aSw70-B-3283 | ||
| 040 |
_aDLC _beng _erda _cDLC _dDLC _dTR-AnTOB |
||
| 041 | 0 | _aeng | |
| 050 | 0 | 0 |
_aK4635 _b.A48 1970 |
| 090 |
_aTOBBK K4635 _b.A48 1970 |
||
| 110 | 2 |
_aGeneral Agreement on Tariffs and Trade (Organization) _929671 |
|
| 245 | 1 | 0 |
_aAnti-dumping legislation : _bAnti-dumping laws and regulations of Parties to the Agreement on the implementation of Article VI of GATT. |
| 264 | 1 |
_aGeneva, _bGeneral Agreement on Tariffs and Trade, _c1970. |
|
| 300 |
_aii, 129 pages ; _c28 cm |
||
| 336 |
_atext _btxt _2rdacontent |
||
| 337 |
_aunmediated _bn _2rdamedia |
||
| 338 |
_avolume _bnc _2rdacarrier |
||
| 500 | _aIncludes legislation. | ||
| 650 | 0 |
_aDumping (International trade) _xLaw and legislation _9130637 |
|
| 942 |
_2z _cBK |
||